000
00291nam a22001337a 4500
008
210311b ||||| |||| 00| 0 eng d
041
_a
eng
080
_a
591
082
_a
591
100
_a
7
101
_a
ZOO
245
_a
Small Animal Clinical Nutrition
_c
Lewis, L. D
942
_2
udc
_c
BK
999
_c
56399
_d
56399